Power Electronics / (Record no. 14709)
[ view plain ]
| 000 -LEADER | |
|---|---|
| fixed length control field | 00637nam a2200241Ia 4500 |
| 008 - FIXED-LENGTH DATA ELEMENTS--GENERAL INFORMATION | |
| fixed length control field | 210303s9999 xx 000 0 und d |
| 016 ## - NATIONAL BIBLIOGRAPHIC AGENCY CONTROL NUMBER | |
| Source | retro2021 |
| 016 ## - NATIONAL BIBLIOGRAPHIC AGENCY CONTROL NUMBER | |
| Source | retro2021 |
| 020 ## - INTERNATIONAL STANDARD BOOK NUMBER | |
| ISBN | 8185749531 |
| 040 ## - CATALOGING SOURCE | |
| Original cataloging agency | NLN |
| Language of cataloging | English |
| 100 ## - MAIN ENTRY--AUTHOR | |
| Author | GUPTER, B. R. |
| Relator term | aut |
| 245 #0 - TITLE STATEMENT | |
| Title | Power Electronics / |
| Statement of responsibility, etc | B.R Gupta |
| 260 ## - PUBLICATION, DISTRIBUTION, ETC. (IMPRINT) | |
| Place of publication | Dehli, India ( Nai Saraki ) : |
| Name of publisher | S.k Kataris |
| Date of publication | 2008 |
| 300 ## - COLLATION | |
| Pagination | 593p. : |
| Other physical details | ill. ; 24cm. |
| 563 ## - BINDING INFORMATION | |
| Binding note | (pbk) |
| 650 ## - TRACINGS | |
| Main Subject | Electronics |
| 650 ## - TRACINGS | |
| Main Subject | Eletric Power |
| 650 ## - TRACINGS | |
| Main Subject | Power electronics |
| 942 ## - ADDED ENTRY ELEMENTS (KOHA) | |
| Item type | Books |
| 942 ## - ADDED ENTRY ELEMENTS (KOHA) | |
| Suppress in OPAC | No |
| 050 ## - LIBRARY OF CONGRESS CALL NUMBER | |
| Classification number | TK7881.5 |
| Item number | .G978 |
| 082 ## - DEWEY DECIMAL CLASSIFICATION NUMBER | |
| Classification number | 621.317 |
| Source of classification or shelving scheme | Not for loan | Home library | Current library | Date acquired | Full call number | Barcode. | Koha item type |
|---|---|---|---|---|---|---|---|
| Library of Congress Classification | IBADAN BRANCH LIBRARY | National Library of Nigeria | 04/03/2021 | TK7881.5.G978 | 2023-0847 | Books | |
| Library of Congress Classification | LAGOS BRANCH | National Library of Nigeria | 08/09/2023 | TK7881.5.G978 | 2023-0846 | Books | |
| Library of Congress Classification | ABUJA LIBRARY BRANCH | National Library of Nigeria | 08/09/2023 | TK7881.5.G978 | 2023-0848 | Books |
